[Event "FLORIPA CHESS OPEN 2015"]
[Site "Florianopolis/SC"]
[Date "2015.01.16"]
[Round "5"]
[Board "29"]
[White "Calcado, Acyr Rogerio"]
[Black "Albuquerque Junior, Wellington"]
[Result "1-0"]
[WhiteElo "2133"]
[BlackElo "2109"]
[PlyCount "99"]
[EventDate "2015.01.14"]
[EventRounds "10"]
[EventCountry "BRA"]

1. e4 c5 2. Nf3 d6 3. d4 cxd4 4. Qxd4 Nc6 5. Bb5 Bd7 6. Bxc6 Bxc6 7. Nc3 Nf6 8.
Bg5 e6 9. O-O-O Be7 10. Rhe1 Qa5 11. Kb1 Rc8 12. Qd2 h6 13. Bf4 e5 14. Bg3 b5
15. Nh4 g6 16. f4 b4 17. Nd5 Bxd5 18. exd5 exf4 19. Bxf4 Kd7 20. Rxe7+ Kxe7 21.
Bxd6+ Kxd6 22. Qf4+ Kc5 23. Qxf6 Qc7 24. Nf3 Rhd8 25. Nd4 Rd6 26. Qf2 Rxd5 27.
Nb5+ Kxb5 28. Rxd5+ Ka6 29. Qf6+ Kb7 30. Rb5+ Ka8 31. Qf3+ Qc6 32. Rxb4 Qxf3
33. gxf3 Re8 34. Re4 Rxe4 35. fxe4 Kb7 36. Kc1 Kc6 37. Kd2 Kc5 38. Kd3 g5 39.
a3 a5 40. b3 h5 41. c3 f6 42. b4+ Kb5 43. c4+ Kb6 44. Kd4 axb4 45. axb4 Kc6 46.
b5+ Kd6 47. c5+ Kc7 48. e5 f5 49. e6 f4 50. b6+ 1-0

[Event "FLORIPA CHESS OPEN 2015"]
[Site "Florianopolis/SC"]
[Date "2015.01.16"]
[Round "5"]
[Board "30"]
[White "Mendonca Campelo, Higor Carlos"]
[Black "Hille Junior, Waltercler"]
[Result "1-0"]
[WhiteElo "2119"]
[BlackElo "1761"]
[PlyCount "50"]
[EventDate "2015.01.14"]
[EventRounds "10"]
[EventCountry "BRA"]

1. e4 e6 2. d3 d5 3. Nd2 Nf6 4. Ngf3 c5 5. g3 g6 6. Bg2 Bg7 7. O-O O-O 8. Re1
Nc6 9. c3 a5 10. e5 Ng4 11. d4 cxd4 12. cxd4 f6 13. h3 Nxf2 14. Qe2 fxe5 15.
dxe5 a4 16. Qxf2 Nxe5 17. Qe2 Nc6 18. a3 e5 19. Nf1 e4 20. N3h2 Nd4 21. Qd1 Qf6
22. Be3 Ra5 23. Rb1 Nf5 24. Ng4 Qf7 25. Bf2 Ra6 {IlegÃƒÂ­vel} 1-0

[Event "FLORIPA CHESS OPEN 2015"]
[Site "Florianopolis/SC"]
[Date "2015.01.16"]
[Round "5"]
[Board "31"]
[White "Abdalla, Luiz Guilherme Aurell"]
[Black "Zimmermann, Kleber Renato P."]
[Result "1-0"]
[WhiteElo "2304"]
[BlackElo "1967"]
[PlyCount "79"]
[EventDate "2015.01.14"]
[EventRounds "10"]
[EventCountry "BRA"]

1. d4 Nf6 2. c4 c5 3. d5 b5 4. cxb5 a6 5. bxa6 g6 6. Nc3 Bxa6 7. e4 Bxf1 8.
Kxf1 d6 9. Nf3 Nbd7 10. g3 Bg7 11. Kg2 O-O 12. a4 Qb6 13. Qc2 Rfb8 14. Rb1 Qb3
15. Qxb3 Rxb3 16. Nd2 Rb7 17. b3 Ne8 18. Nb5 Nc7 19. Na3 Bc3 20. Ndc4 Rab8 21.
Bd2 Bxd2 22. Nxd2 Rb4 23. Nac4 Ra8 24. f3 f6 25. h4 Nb6 26. Nxb6 Rxb6 27. Nc4
Rb4 28. Kf2 Kf7 29. Ke2 Ra6 30. Kd2 Na8 31. Ne3 Rb8 32. h5 Kg7 33. hxg6 hxg6
34. Ng2 Rab6 35. Kc3 Rb4 36. Nf4 c4 37. Ne6+ Kg8 38. Nd4 Nc7 39. Rh6 cxb3 40.
Nc6 1-0

[Event "FLORIPA CHESS OPEN 2015"]
[Site "Florianopolis/SC"]
[Date "2015.01.16"]
[Round "5"]
[Board "32"]
[White "Gauche, Eduardo"]
[Black "Sztokbant, Bernardo Vainzoff"]
[Result "1/2-1/2"]
[WhiteElo "1961"]
[BlackElo "2278"]
[PlyCount "98"]
[EventDate "2015.01.14"]
[EventRounds "10"]
[EventCountry "BRA"]

1. Nf3 d5 2. b3 Bf5 3. Bb2 e6 4. d3 Nf6 5. g3 h6 6. Bg2 Be7 7. O-O O-O 8. Nbd2
c5 9. Ne5 Nbd7 10. Nxd7 Qxd7 11. e4 Bg6 12. Qe2 d4 13. a4 b6 14. Nc4 Qc7 15.
Bc1 a6 16. Bf4 Qb7 17. Ne5 Bh7 18. Ng4 Nxg4 19. Qxg4 Qc8 20. Bxh6 Bg6 21. Bf4
Bh7 22. e5 Rb8 23. Rae1 Bf5 24. Qe2 b5 25. axb5 axb5 26. Ra1 c4 27. g4 Bg6 28.
bxc4 bxc4 29. Be4 Bxe4 30. Qxe4 Rd8 31. Ra4 Rb4 32. Rxb4 Bxb4 33. Ra1 cxd3 34.
cxd3 Qc2 35. h3 Rd5 36. Ra8+ Bf8 37. Bg5 Qb1+ 38. Kh2 Qb4 39. Bh4 Qc5 40. Bg3
Qc6 41. Ra1 g6 42. Bh4 Bg7 43. Bg3 Qc5 44. Ra8+ Kh7 45. Qf3 Rd7 46. Qe4 Qd5 47.
Qxd5 Rxd5 48. Ra4 g5 49. Kg2 Bxe5 1/2-1/2

[Event "FLORIPA CHESS OPEN 2015"]
[Site "Florianopolis/SC"]
[Date "2015.01.16"]
[Round "5"]
[Board "33"]
[White "Goncalves, Leonardo Yamamoto P"]
[Black "Crespo De Oliveira, Lucas"]
[Result "1/2-1/2"]
[WhiteElo "1945"]
[BlackElo "2194"]
[PlyCount "127"]
[EventDate "2015.01.14"]
[EventRounds "10"]
[EventCountry "BRA"]

1. c3 d5 2. d3 Nf6 3. Nf3 c5 4. Nbd2 Nc6 5. e4 g6 6. Be2 Bg7 7. O-O Bg4 8. h3
Bxf3 9. Bxf3 dxe4 10. dxe4 O-O 11. Qc2 Nd7 12. Be2 a6 13. f4 b5 14. Nf3 Qc7 15.
Be3 Bh6 16. Ng5 e5 17. Rad1 exf4 18. Bxf4 Nde5 19. Ne6 fxe6 20. Bxh6 Rxf1+ 21.
Rxf1 Qe7 22. Qd2 Rd8 23. Qe3 Nf7 24. Bf4 Nce5 25. Qg3 Nc4 26. Bh5 Kh8 27. Be2
Nd2 28. Rd1 Nxe4 29. Rxd8+ Qxd8 30. Qe3 e5 31. Qxe4 exf4 32. Qxf4 Qe7 33. Kf2
Nd6 34. Ke1 Kg7 35. Kd2 g5 36. Qe3 Qxe3+ 37. Kxe3 Kf6 38. b3 Ke5 39. Bd3 h6 40.
g4 Ne8 41. Be4 a5 42. a3 Nc7 43. b4 axb4 44. axb4 cxb4 45. cxb4 Na6 46. Bd3
Nxb4 47. Bxb5 Nd5+ 48. Kf3 Nf4 49. Kg3 Ng6 50. Bd3 Nf4 51. Bb5 Ng6 52. Bd3 Nh4
53. Bc2 Kd4 54. Ba4 Ke3 55. Bc6 Ng6 56. Bb5 Nf4 57. h4 Ne2+ 58. Bxe2 Kxe2 59.
hxg5 hxg5 60. Kg2 Ke3 61. Kg3 Ke4 62. Kg2 Kf4 63. Kf2 Kxg4 64. Kg2 1/2-1/2

[Event "FLORIPA CHESS OPEN 2015"]
[Site "Florianopolis/SC"]
[Date "2015.01.16"]
[Round "5"]
[Board "34"]
[White "Starke, Bruno Orlando"]
[Black "Hille, Waltercler"]
[Result "1-0"]
[WhiteElo "2103"]
[BlackElo "1947"]
[PlyCount "97"]
[EventDate "2015.01.14"]
[EventRounds "10"]
[EventCountry "BRA"]

1. Nf3 Nf6 2. c4 c6 3. d4 d5 4. Nc3 g6 5. Bf4 Bg7 6. e3 O-O 7. Bd3 Na6 8. Qb3
Qa5 9. O-O Nb4 10. Bb1 dxc4 11. Qxc4 Be6 12. Qe2 b5 13. Nd2 Nbd5 14. Nxd5 Nxd5
15. Bg3 c5 16. Nb3 Nf4 17. Bxf4 Bxb3 18. dxc5 Bc4 19. Bd3 Bxd3 20. Qxd3 Rfd8
21. Qb3 Rd2 22. Rab1 Rad8 23. Qa3 Qa4 24. c6 e5 25. Bg3 Qc2 26. Qc3 Qxc3 27.
bxc3 R2d6 28. c7 Rc8 29. Rfd1 Rxd1+ 30. Rxd1 Rxc7 31. Rd8+ Bf8 32. Bxe5 Rc6 33.
g3 a5 34. Ra8 b4 35. c4 f6 36. Bd4 Kf7 37. Ra7+ Be7 38. c5 Ke6 39. Rxa5 Kd5 40.
Kf1 Kc4 41. Ke2 f5 42. a3 bxa3 43. Rxa3 Kd5 44. Kd3 g5 45. f3 g4 46. fxg4 fxg4
47. e4+ Ke6 48. Kc4 Bd8 49. Ra8 1-0

[Event "FLORIPA CHESS OPEN 2015"]
[Site "Florianopolis/SC"]
[Date "2015.01.16"]
[Round "5"]
[Board "35"]
[White "Prol Medeiros, Horacio"]
[Black "Rapouso, Ricardo Luis Borba"]
[Result "0-1"]
[WhiteElo "2085"]
[BlackElo "1922"]
[PlyCount "57"]
[EventDate "2015.01.14"]
[EventRounds "10"]
[EventCountry "BRA"]

1. e4 c5 2. Nf3 g6 3. d4 cxd4 4. Qxd4 Nf6 5. e5 Nc6 6. Qh4 Nxe5 7. Nxe5 Qa5+ 8.
Nc3 Qxe5+ 9. Be2 Bg7 10. O-O O-O 11. Bf4 Qa5 12. Nb5 d6 13. Bg5 Qd8 14. Bf3 a6
15. Nc3 Bf5 16. Rfe1 Rc8 17. Bxb7 Rb8 18. Bxa6 Rxb2 19. Bd3 Bxd3 20. cxd3 Qa5
21. Rac1 Rc8 22. Ne4 Rbc2 23. Rcd1 Nxe4 24. Rxe4 Qxa2 25. Rc4 h6 26. Bxh6 Bxh6
27. Qxh6 Rxf2 28. Rdc1 Rxg2+ 29. Kh1 {IlegÃƒÂ­vel} 0-1

[Event "FLORIPA CHESS OPEN 2015"]
[Site "Florianopolis/SC"]
[Date "2015.01.16"]
[Round "5"]
[Board "36"]
[White "Da Silva, Wagner Jose"]
[Black "Rippel Junior, Jair"]
[Result "1/2-1/2"]
[WhiteElo "1920"]
[BlackElo "2058"]
[PlyCount "112"]
[EventDate "2015.01.14"]
[EventRounds "10"]
[EventCountry "BRA"]

1. e4 b6 2. Nc3 Bb7 3. d4 e6 4. Nf3 Bb4 5. Bd3 Nf6 6. Qe2 d5 7. e5 Ne4 8. Bd2
Nxd2 9. Qxd2 Nd7 10. a3 Be7 11. Ne2 c5 12. c3 Qc8 13. Ng3 Ba6 14. b4 Bxd3 15.
Qxd3 cxd4 16. cxd4 Qb7 17. O-O O-O 18. Rfc1 Rfc8 19. Qe3 Rc4 20. Nd2 Rc7 21.
Rxc7 Qxc7 22. Nb3 Qd8 23. Rc1 Bg5 24. f4 Be7 25. Qc3 a5 26. bxa5 Bxa3 27. Ra1
Be7 28. axb6 Rxa1+ 29. Qxa1 Qxb6 30. Qa4 Nf8 31. Ne2 g5 32. fxg5 Bxg5 33. Kf2
Ng6 34. g3 Nxe5 35. Qe8+ Kg7 36. Nc5 Ng6 37. h4 Qd8 38. Qc6 Ne7 39. Qxe6 Bf6
40. Qg4+ Kh8 41. h5 Qc8 42. Qxc8+ Nxc8 43. Ke3 Nd6 44. g4 Kg7 45. Nf4 Nb5 46.
Nb3 Bg5 47. Kf3 Bf6 48. Nxd5 Nxd4+ 49. Nxd4 Bxd4 50. Ke4 Bf6 51. Kf5 Bd8 52. g5
h6 53. g6 fxg6+ 54. hxg6 h5 55. Nf4 h4 56. Kg4 Be7 1/2-1/2

[Event "FLORIPA CHESS OPEN 2015"]
[Site "Florianopolis/SC"]
[Date "2015.01.16"]
[Round "5"]
[Board "37"]
[White "Pereira, Geanfrancesco"]
[Black "Goncalves, Ruan Lucas Alves"]
[Result "0-1"]
[WhiteElo "2046"]
[BlackElo "1919"]
[PlyCount "116"]
[EventDate "2015.01.14"]
[EventRounds "10"]
[EventCountry "BRA"]

1. e4 c5 2. Nf3 d6 3. c3 Nf6 4. Bc4 e6 5. Qe2 Be7 6. O-O O-O 7. d4 Qc7 8. e5
Nfd7 9. Bf4 dxe5 10. dxe5 Nc6 11. Nbd2 b6 12. Rfe1 Bb7 13. Bd3 Rfd8 14. Ng5 Nf8
15. Bxh7+ Nxh7 16. Nxh7 Kxh7 17. Qh5+ Kg8 18. Re3 g6 19. Rg3 Bf8 20. Ne4 Bg7
21. Qg5 Bxe5 22. Nf6+ Bxf6 23. Qxf6 Qe7 24. Be5 Qxf6 25. Bxf6 Rd5 26. Rh3 Rh5
27. Rxh5 gxh5 28. Rd1 Kh7 29. f4 Kg6 30. Bh4 f6 31. Rd7 Ba6 32. Rd6 Ne7 33.
Rxe6 Ng8 34. Rd6 Re8 35. Rd7 Re7 36. Rd2 Nh6 37. h3 Nf5 38. Bf2 h4 39. Rd8 Bb5
40. Rg8+ Kf7 41. Ra8 Rd7 42. Be1 Re7 43. Bf2 Ke6 44. b3 Be8 45. a4 Kd5 46. a5
Ke4 47. axb6 axb6 48. b4 cxb4 49. cxb4 Re6 50. Rb8 b5 51. Rd8 Kxf4 52. Ba7 Ng3
53. Rd4+ Re4 54. Bb8+ Kf5 55. Rd5+ Ke6 56. Rd6+ Ke7 57. Rd1 Nf5 58. Ba7 Ke6 0-1

[Event "FLORIPA CHESS OPEN 2015"]
[Site "Florianopolis/SC"]
[Date "2015.01.16"]
[Round "5"]
[Board "38"]
[White "Maiberg, Wellington Gubiani"]
[Black "Lazzarotto, Marcio"]
[Result "1/2-1/2"]
[WhiteElo "1880"]
[BlackElo "2035"]
[PlyCount "102"]
[EventDate "2015.01.14"]
[EventRounds "10"]
[EventCountry "BRA"]

1. e4 e5 2. Nf3 Nc6 3. Bc4 Bc5 4. b4 d5 5. exd5 Nxb4 6. c3 Nxd5 7. d4 exd4 8.
O-O Nge7 9. cxd4 Bb6 10. Ba3 Be6 11. Qb3 c6 12. Re1 O-O 13. Nbd2 Re8 14. Ne4
Nf4 15. Bxe6 Nxe6 16. Nd6 Nd5 17. Nxe8 Qxe8 18. Ng5 h6 19. Nxe6 fxe6 20. Qh3
Bxd4 21. Rad1 c5 22. Qxe6+ Qxe6 23. Rxe6 Rd8 24. Bxc5 Bxc5 25. Re5 Rf8 26.
Rexd5 Bxf2+ 27. Kh1 Bb6 28. R5d2 Ba5 29. Rb2 Bb6 30. g3 Rf7 31. Kg2 Bc5 32. Rf1
Rd7 33. Rf5 b6 34. Kf1 a5 35. Ke2 Re7+ 36. Kd3 a4 37. Rxc5 bxc5 38. Rb8+ Kf7
39. Ra8 Rd7+ 40. Kc3 Rd4 41. Ra5 Re4 42. Rxc5 Re2 43. a3 Rxh2 44. Kb4 Rh3 45.
Rc3 h5 46. Kxa4 h4 47. Rc7+ Kg6 48. gxh4 Rxh4+ 49. Kb5 Rh1 50. a4 Rb1+ 51. Ka6
Kf6 1/2-1/2

[Event "FLORIPA CHESS OPEN 2015"]
[Site "Florianopolis/SC"]
[Date "2015.01.16"]
[Round "5"]
[Board "39"]
[White "Cella, Glaucio Dalla Cortt"]
[Black "Karoly, Carlos Acacio Gomes"]
[Result "1-0"]
[WhiteElo "2033"]
[BlackElo "1914"]
[PlyCount "91"]
[EventDate "2015.01.14"]
[EventRounds "10"]
[EventCountry "BRA"]

1. e4 d6 2. d4 Nf6 3. f3 g6 4. Bg5 c6 5. Qd2 Nbd7 6. Na3 a6 7. h4 h5 8. Bd3 b5
9. c3 Rb8 10. Nc2 Bg7 11. f4 c5 12. e5 c4 13. exf6 exf6 14. Be4 fxg5 15. hxg5
Bb7 16. Bxb7 Rxb7 17. O-O-O O-O 18. g4 f6 19. gxh5 fxg5 20. Qg2 Rc7 21. Qd5+
Kh7 22. Qxd6 Rf6 23. hxg6+ Kxg6 24. f5+ Kf7 25. Qd5+ Kf8 26. Ne3 Rcc6 27. Ng4
Rfd6 28. Qg2 b4 29. f6 Nxf6 30. Ne5 Rc8 31. Qb7 Rc7 32. Qxb4 Nd5 33. Rf1+ Kg8
34. Qa4 Ne3 35. Re1 Ng2 36. Re2 Nf4 37. Reh2 g4 38. Nxg4 Rg6 39. Ne5 Rf6 40.
Ngf3 Nd5 41. Qc2 Nf4 42. Qh7+ Kf8 43. Qe4 Kg8 44. Ng5 Nd3+ 45. Nxd3 cxd3 46.
Qh7+ 1-0

[Event "FLORIPA CHESS OPEN 2015"]
[Site "Florianopolis/SC"]
[Date "2015.01.16"]
[Round "5"]
[Board "40"]
[White "Reis, Virginia Lagrange M."]
[Black "Hirota Da Silva, Nilton"]
[Result "1/2-1/2"]
[WhiteElo "1865"]
[BlackElo "2019"]
[PlyCount "101"]
[EventDate "2015.01.14"]
[EventRounds "10"]
[EventCountry "BRA"]

1. e4 c6 2. d4 d5 3. Nd2 dxe4 4. Nxe4 Nf6 5. Nxf6+ exf6 6. Be3 Bd6 7. Nf3 O-O
8. Bd3 Bf5 9. O-O Bxd3 10. Qxd3 Nd7 11. Rad1 Qc7 12. g3 Rad8 13. Nh4 g6 14. Bh6
Rfe8 15. Rfe1 Rxe1+ 16. Rxe1 Bf8 17. Bxf8 Nxf8 18. c4 Qd6 19. Nf3 Ne6 20. Rd1
f5 21. Qd2 Kg7 22. Kg2 h5 23. Qc3 f6 24. b4 b6 25. a3 f4 26. Rd2 fxg3 27. hxg3
Nc7 28. Qe3 Re8 29. Qd3 Rd8 30. Nh4 f5 31. Nf3 f4 32. Qc3 Qf6 33. gxf4 Rf8 34.
Qe3 Re8 35. Ne5 Ne6 36. f5 Qxf5 37. Qf3 Qg5+ 38. Qg3 Qxg3+ 39. Kxg3 Nxd4 40.
Rxd4 Rxe5 41. Rd7+ Kh6 42. Rxa7 Re4 43. Ra6 Rxc4 44. Rxb6 Rc3+ 45. f3 Rxa3 46.
Rxc6 Rb3 47. Rc4 g5 48. Rc6+ Kg7 49. Rc7+ Kg6 50. Rc6+ Kg7 51. Rc7+ 1/2-1/2

[Event "FLORIPA CHESS OPEN 2015"]
[Site "Florianopolis/SC"]
[Date "2015.01.16"]
[Round "5"]
[Board "41"]
[White "Almeida, Heidy Jose Moreira De"]
[Black "Souza, Gustavo Horokoski De"]
[Result "0-1"]
[WhiteElo "2014"]
[BlackElo "1903"]
[PlyCount "74"]
[EventDate "2015.01.14"]
[EventRounds "10"]
[EventCountry "BRA"]

1. Nf3 Nf6 2. Nc3 d5 3. e3 Bf5 4. b3 Nbd7 5. d4 e6 6. Bb2 Be7 7. Nh4 Bg4 8. Be2
Bxe2 9. Nxe2 O-O 10. O-O Ne4 11. Nf3 c5 12. Nd2 Nxd2 13. Qxd2 Rc8 14. Rfd1 c4
15. b4 Qb6 16. Bc3 f5 17. b5 Qxb5 18. Rdb1 Qc6 19. Bb4 Bxb4 20. Qxb4 b6 21. a4
Rb8 22. a5 b5 23. a6 Rb6 24. Nc3 Rfb8 25. Ra5 Rxa6 26. Rxb5 Rxb5 27. Nxb5 Rb6
28. Qa5 Qb7 29. Qb4 a6 30. Qe7 axb5 31. Ra1 Nf8 32. Qe8 Ra6 33. Rb1 b4 34. g4
b3 35. gxf5 exf5 36. cxb3 cxb3 37. Qd8 b2 0-1

[Event "FLORIPA CHESS OPEN 2015"]
[Site "Florianopolis/SC"]
[Date "2015.01.16"]
[Round "5"]
[Board "42"]
[White "Lunelli, Neuri Antonio"]
[Black "Da Silva, Jefferson Rian Ferre"]
[Result "0-1"]
[WhiteElo "1847"]
[BlackElo "2000"]
[PlyCount "46"]
[EventDate "2015.01.14"]
[EventRounds "10"]
[EventCountry "BRA"]

1. d4 Nf6 2. e3 g6 3. Bd3 Bg7 4. Nd2 O-O 5. c3 d6 6. Ngf3 Nbd7 7. O-O e5 8. Ng5
h6 9. Nge4 Nxe4 10. Nxe4 f5 11. Ng3 e4 12. Be2 d5 13. Qb3 c6 14. f3 exf3 15.
Bxf3 Nf6 16. e4 Nxe4 17. Nxe4 fxe4 18. Bxe4 Rxf1+ 19. Kxf1 Qf6+ 20. Kg1 Qh4 21.
Bd3 Qe1+ 22. Bf1 Bg4 23. h3 Rf8 0-1

[Event "FLORIPA CHESS OPEN 2015"]
[Site "Florianopolis/SC"]
[Date "2015.01.16"]
[Round "5"]
[Board "43"]
[White "Boff, Andre Ricardo"]
[Black "Ferreira, Rodrigo Maycon Miran"]
[Result "1/2-1/2"]
[WhiteElo "2000"]
[BlackElo "1844"]
[PlyCount "90"]
[EventDate "2015.01.14"]
[EventRounds "10"]
[EventCountry "BRA"]

1. d4 Nf6 2. Nf3 g6 3. e3 Bg7 4. Be2 O-O 5. O-O d6 6. b3 Nbd7 7. Bb2 e5 8. c4
e4 9. Nfd2 Re8 10. Nc3 h5 11. Qc2 Qe7 12. Rac1 a6 13. Nd5 Qd8 14. b4 c6 15. Nc3
d5 16. cxd5 cxd5 17. Qb3 Nf8 18. Na4 Bg4 19. Bxg4 Nxg4 20. h3 Nf6 21. Rc2 g5
22. Qc3 g4 23. Qc7 Ne6 24. Qxd8 Raxd8 25. Rfc1 Bh6 26. Nf1 gxh3 27. gxh3 Ng5
28. Nc5 Re7 29. b5 Kh7 30. bxa6 Nf3+ 31. Kh1 bxa6 32. Nd2 Ng5 33. Kh2 Bf8 34.
Kg2 a5 35. Ba3 Ra7 36. Rc3 Bd6 37. Na4 Bb4 38. Bxb4 axb4 39. Rc6 Rxa4 40. Rxf6
Kg7 41. Rb6 Rxa2 42. h4 Nh7 43. Nf1 Nf6 44. Ng3 Rb2 45. Nf5+ Kg6 1/2-1/2

[Event "FLORIPA CHESS OPEN 2015"]
[Site "Florianopolis/SC"]
[Date "2015.01.16"]
[Round "5"]
[Board "45"]
[White "Goncalves, Davi Sulzbacher"]
[Black "Dickel, Henrique De Oliveira"]
[Result "1-0"]
[WhiteElo "1983"]
[BlackElo "1808"]
[PlyCount "57"]
[EventDate "2015.01.14"]
[EventRounds "10"]
[EventCountry "BRA"]

1. d4 Nf6 2. Nf3 g6 3. c4 Bg7 4. Nc3 O-O 5. e4 d6 6. Be2 e5 7. O-O Nc6 8. d5
Ne7 9. b4 Nd7 10. a4 a5 11. bxa5 Rxa5 12. Ba3 Nc5 13. Bb4 Ra8 14. a5 f5 15. Ng5
Bh6 16. Bxc5 dxc5 17. Ne6 Bxe6 18. dxe6 c6 19. Qxd8 Rfxd8 20. Rfb1 Ra7 21. Rd1
Raa8 22. Rd7 Rxd7 23. exd7 Rd8 24. Rd1 fxe4 25. g4 Kf7 26. Nxe4 Ng8 27. Nxc5
Ke7 28. Nxb7 Rxd7 29. a6 1-0

[Event "FLORIPA CHESS OPEN 2015"]
[Site "Florianopolis/SC"]
[Date "2015.01.16"]
[Round "5"]
[Board "46"]
[White "Budde, Vinicius Chemale"]
[Black "Chang, Suzana"]
[Result "1/2-1/2"]
[WhiteElo "1915"]
[BlackElo "1969"]
[PlyCount "115"]
[EventDate "2015.01.14"]
[EventRounds "10"]
[EventCountry "BRA"]

1. d4 Nf6 2. c4 e6 3. g3 d5 4. Nf3 dxc4 5. Bg2 c6 6. Qc2 b5 7. a4 Bb7 8. O-O
Be7 9. Rd1 O-O 10. Ne5 Qc8 11. b3 cxb3 12. Qxb3 b4 13. a5 c5 14. dxc5 Bxg2 15.
Kxg2 Qxc5 16. Bb2 Nc6 17. Rc1 Nxa5 18. Qa4 Qd5+ 19. f3 Qb3 20. Nd3 Qxa4 21.
Rxa4 Nb3 22. Rc7 Nd5 23. Rcxa7 Rxa7 24. Rxa7 Rc8 25. Be5 Bf8 26. Bf4 f6 27. Ra2
e5 28. Bd2 Nxd2 29. Nxd2 Nc3 30. Rc2 Ra8 31. Nb3 Rd8 32. Ndc5 Rd1 33. Nd3 Rb1
34. Nd2 Rd1 35. Kf2 Kf7 36. Rb2 Bd6 37. Nc4 Rxd3 38. exd3 Nd1+ 39. Ke2 Nxb2 40.
Nxb2 Ke6 41. Ke3 Bc5+ 42. Kd2 h5 43. h3 Bf2 44. g4 hxg4 45. hxg4 g6 46. Nc4 f5
47. gxf5+ gxf5 48. Nb2 Bd4 49. Nc4 e4 50. fxe4 fxe4 51. Na5 e3+ 52. Ke2 Bb6 53.
Nb3 Kd6 54. d4 Kd5 55. Kxe3 Kc4 56. Nd2+ Kc3 57. Ne4+ Kc2 58. Nc5 1/2-1/2

[Event "FLORIPA CHESS OPEN 2015"]
[Site "Florianopolis/SC"]
[Date "2015.01.16"]
[Round "5"]
[Board "48"]
[White "Correa, Jose Augusto"]
[Black "Madeira, Wagner Martins"]
[Result "0-1"]
[WhiteElo "1863"]
[BlackElo "2191"]
[PlyCount "120"]
[EventDate "2015.01.14"]
[EventRounds "10"]
[EventCountry "BRA"]

1. c4 Nf6 2. Nc3 c5 3. g3 d5 4. cxd5 Nxd5 5. Bg2 Nc7 6. Nf3 Nc6 7. O-O e5 8. d3
Be7 9. Be3 O-O 10. Rc1 Bd7 11. Na4 b6 12. b4 e4 13. dxe4 Nxb4 14. a3 Nc6 15.
Qc2 Qc8 16. Rfd1 Rd8 17. Bg5 f6 18. Be3 Qa6 19. Rd2 Be6 20. Rcd1 Nb5 21. Rxd8+
Rxd8 22. Rxd8+ Bxd8 23. Bxc5 bxc5 24. Nxc5 Qc8 25. Nxe6 Qxe6 26. Bh3 Qxh3 27.
Qxc6 Nc7 28. Qd6 Qc8 29. Nd4 Kf7 30. Qc6 Be7 31. f4 Qd8 32. Qc4+ Ke8 33. Qa4+
Qd7 34. Qxa7 Bxa3 35. Nf5 Bf8 36. Qb8+ Kf7 37. Qb3+ Qe6 38. Qb7 Bc5+ 39. Kg2
Bb6 40. e3 Kf8 41. Nd4 Bxd4 42. exd4 Ne8 43. Kf3 Qc4 44. Qb6 Qd3+ 45. Kg4 Qxe4
46. Qc5+ Qe7 47. f5 Qxc5 48. dxc5 Ke7 49. h4 Kd7 50. Kh5 Kc6 51. g4 Kxc5 52. g5
Kd4 53. g6 h6 54. Kg4 Ke4 55. Kh5 Nd6 56. Kg4 Nxf5 57. Kh5 Ne7 58. Kg4 f5+ 59.
Kh5 f4 60. Kg4 f3 0-1

[Event "FLORIPA CHESS OPEN 2015"]
[Site "Florianopolis/SC"]
[Date "2015.01.16"]
[Round "5"]
[Board "49"]
[White "Fonseca, Luis Ernesto Serra Az"]
[Black "Batista, Francisco Klemberg M."]
[Result "1-0"]
[WhiteElo "2088"]
[BlackElo "1810"]
[PlyCount "87"]
[EventDate "2015.01.14"]
[EventRounds "10"]
[EventCountry "BRA"]

1. c4 Nf6 2. Nc3 g6 3. g3 d5 4. cxd5 Nxd5 5. Bg2 Nxc3 6. bxc3 Bg7 7. Nf3 O-O 8.
O-O Nd7 9. d4 c6 10. Qb3 e5 11. Rd1 exd4 12. cxd4 h6 13. Nh4 Qb6 14. Nxg6 Re8
15. Qc4 Nf6 16. Nf4 Bf5 17. Ba3 Qd8 18. Rac1 Be4 19. f3 Bd5 20. Qc2 Re3 21. Rd3
Qe8 22. Qd2 Rxd3 23. Nxd3 Nd7 24. Nf4 Nb6 25. e4 Nc4 26. Qd3 Nxa3 27. exd5 Nb5
28. dxc6 Bxd4+ 29. Kh1 bxc6 30. a4 Qe3 31. Qxe3 Bxe3 32. Rxc6 Rd8 33. h4 Nd6
34. Nd5 Bf2 35. Nf6+ Kh8 36. Kh2 Nf5 37. Ne4 Bd4 38. Bh3 Ne7 39. Rxh6+ Kg7 40.
Rd6 Rxd6 41. Nxd6 f6 42. Be6 a5 43. f4 Ng6 44. Nf5+ 1-0

[Event "FLORIPA CHESS OPEN 2015"]
[Site "Florianopolis/SC"]
[Date "2015.01.16"]
[Round "5"]
[Board "50"]
[White "Avedisian, Alexander"]
[Black "Sa, Edivaldo Alves De"]
[Result "0-1"]
[WhiteElo "1810"]
[BlackElo "2026"]
[PlyCount "86"]
[EventDate "2015.01.14"]
[EventRounds "10"]
[EventCountry "BRA"]

1. e4 e6 2. d3 d5 3. Qe2 dxe4 4. dxe4 Bd7 5. Nf3 Nc6 6. g3 e5 7. Bg2 Be7 8. O-O
Qc8 9. Nbd2 Nf6 10. Nc4 Bg4 11. c3 O-O 12. Qc2 Qe6 13. Ne3 Bxf3 14. Bxf3 Rad8
15. Nd5 Nxd5 16. exd5 Qf6 17. Be4 Nb8 18. Bxh7+ Kh8 19. Be4 Qd6 20. Qe2 g6 21.
Bh6 Rfe8 22. g4 g5 23. h4 Qxh6 24. hxg5 Qxg5 25. f4 exf4 26. Qh2+ Qh4 27. Rf2
Qxh2+ 28. Rxh2+ Kg7 29. Rh7+ Kf6 30. Kg2 Rh8 31. Rah1 Rxh7 32. Rxh7 c6 33. c4
Bd6 34. Kf3 Rg8 35. a3 Nd7 36. Rh6+ Ke7 37. Bf5 Ne5+ 38. Kxf4 Nxg4+ 39. Rxd6
Kxd6 40. Bxg4 cxd5 41. cxd5 Rxg4+ 42. Kxg4 Kxd5 43. Kf5 Kc4 0-1

[Event "FLORIPA CHESS OPEN 2015"]
[Site "Florianopolis/SC"]
[Date "2015.01.16"]
[Round "6"]
[Board "2"]
[White "Molina, Roberto Junio Brito"]
[Black "Matsuura, Everaldo"]
[Result "1-0"]
[WhiteElo "2408"]
[BlackElo "2505"]
[PlyCount "139"]
[EventDate "2015.01.14"]
[EventRounds "10"]
[EventCountry "BRA"]

1. d4 Nf6 2. c4 g6 3. Nc3 Bg7 4. e4 O-O 5. Nf3 d6 6. Be2 Na6 7. O-O e5 8. Re1
c6 9. Bf1 Bg4 10. d5 Nb4 11. Be2 a5 12. h3 Bd7 13. Be3 Nh5 14. a3 Na6 15. Na4
c5 16. Qb3 Nf4 17. Bf1 f5 18. Nb6 a4 19. Nxa4 fxe4 20. Nd2 Bf5 21. Nc3 Qh4 22.
Bxf4 exf4 23. Ncxe4 Qd8 24. Nf3 h6 25. Bd3 g5 26. Ned2 Bc8 27. Nf1 Qf6 28. Re2
Nb4 29. Be4 Bd7 30. N3h2 h5 31. Qf3 Qh6 32. Rae1 Na6 33. Bd3 Be5 34. Bb1 Rae8
35. Qd3 g4 36. Qg6+ Qg7 37. hxg4 hxg4 38. g3 f3 39. Rxe5 Rxe5 40. Rxe5 Qxg6 41.
Bxg6 dxe5 42. Ne3 b5 43. cxb5 Bxb5 44. Nhxg4 Be2 45. Nxe5 Rb8 46. d6 Rd8 47. d7
Nb8 48. Be8 Bb5 49. Nf7 Rxd7 50. Bxd7 Nxd7 51. Nd6 Bc6 52. b3 Kg7 53. a4 Kf6
54. Ndc4 Nb8 55. Kf1 Be4 56. Ke1 Nc6 57. Kd2 Nb4 58. a5 Ke6 59. Na3 Nd3 60. Nd1
Nb4 61. Nc3 Bb7 62. Nc4 Nc6 63. Nb5 Nb4 64. Nb2 Bc6 65. Nc3 Na6 66. Nd3 Kd6 67.
Ke3 Ke6 68. Kf4 Kd6 69. g4 Nc7 70. Ne4+ 1-0

[Event "FLORIPA CHESS OPEN 2015"]
[Site "Florianopolis/SC"]
[Date "2015.01.16"]
[Round "6"]
[Board "3"]
[White "Quintiliano Pinto, Renato R."]
[Black "Rodriguez Vila, Andres"]
[Result "0-1"]
[WhiteElo "2364"]
[BlackElo "2444"]
[PlyCount "60"]
[EventDate "2015.01.14"]
[EventRounds "10"]
[EventCountry "BRA"]

1. d4 f5 2. g3 Nf6 3. Bg2 g6 4. c4 Bg7 5. Nf3 O-O 6. O-O d6 7. Nc3 Nc6 8. d5
Na5 9. Qa4 b6 10. Nd4 Bd7 11. Qc2 Nxc4 12. Rd1 a6 13. b3 Na5 14. b4 Nb7 15. Bb2
Qe8 16. a4 Ng4 17. Ne6 Bxe6 18. dxe6 c6 19. b5 Na5 20. bxc6 Rc8 21. Nd5 Rxc6
22. Nxe7+ Qxe7 23. Bxc6 Bxb2 24. Qxb2 Nxc6 25. Qxb6 f4 26. Rac1 fxg3 27. fxg3
Qxe6 28. Rxc6 Ne3 29. Qd4 Nxd1 30. Rxd6 Ne3 0-1

[Event "FLORIPA CHESS OPEN 2015"]
[Site "Florianopolis/SC"]
[Date "2015.01.16"]
[Round "6"]
[Board "4"]
[White "Di Berardino, Diego Rafael"]
[Black "Born, Carlos Rodrigo"]
[Result "1-0"]
[WhiteElo "2484"]
[BlackElo "2199"]
[PlyCount "61"]
[EventDate "2015.01.14"]
[EventRounds "10"]
[EventCountry "BRA"]

1. e4 c5 2. Nf3 d6 3. d4 cxd4 4. Nxd4 Nf6 5. Nc3 a6 6. Be2 e6 7. O-O Be7 8. f4
Qc7 9. Kh1 Nc6 10. Be3 Bd7 11. Qe1 Nxd4 12. Bxd4 e5 13. fxe5 dxe5 14. Qg3 Bc6
15. Bd3 Nh5 16. Qxe5 Qxe5 17. Bxe5 f6 18. Bd4 Bd6 19. Ne2 Bd7 20. Be3 Rc8 21.
Nd4 Be5 22. c3 O-O 23. Nf5 Kh8 24. Ne7 Rce8 25. Nd5 Bc6 26. Rad1 Rf7 27. Be2 g6
28. Bxh5 gxh5 29. Rg1 f5 30. Bf4 Bxf4 31. Nxf4 {IlegÃƒÂ­vel} 1-0